Science interactions. (Record no. 16567)

000 -LEADER
fixed length control field 00337nam a2200145Ka 4500
020 ## - INTERNATIONAL STANDARD BOOK NUMBER
ISBN 0028260449
040 ## - CATALOGING SOURCE
Transcribing agency IPC
082 ## - DEWEY DECIMAL CLASSIFICATION NUMBER
Classification number 500 GLE 1993 A109 Or.
245 00 - TITLE STATEMENT
Title Science interactions.
260 ## - PUBLICATION, DISTRIBUTION, ETC. (IMPRINT)
Place of publication Lake Forest, Ill. :
Name of publisher Glencoe,
Year of publication c1993
300 ## - PHYSICAL DESCRIPTION
Number of Pages 64 p. :
Other physical details ill. ;
Dimensions 28 cm
650 #0 - SUBJECT ADDED ENTRY--TOPICAL TERM
Topical Term Science
650 #0 - SUBJECT ADDED ENTRY--TOPICAL TERM
Topical Term Science
942 ## - ADDED ENTRY ELEMENTS (KOHA)
Koha item type សៀវភៅភាសាអង់គ្លេស
952 ## - LOCATION AND ITEM INFORMATION (KOHA)
Withdrawn status [LOCAL, KOHA] 0
Holdings
Permanent Location Date acquired Koha item type Lost status Shelving location Barcode Current Location Full call number
Library Block A2018-03-07សៀវភៅភាសាអង់គ្លេស A008A21630Library Block A500 GLE 1993 A008 Or.
មជ្ឈមណ្ឌលឯការនៃសាកលវិទ្យាល័យភូមិន្ទកសិកម្មចំការដូង

Powered by Koha